Solve the Secret Movie - Statistics

General Stats
  • This quiz has been taken 2,937 times
  • The average score is 8 of 21
Answer Stats
Scramble Movie % Correct
AJSW Jaws
100%
CKORY Rocky
93%
AFGOR Fargo
77%
ACINOS Casino
70%
ACHRS Crash
56%
EFNORZ Frozen
54%
AAARTV Avatar
51%
ACEMRS Scream
48%
AACCEFRS Scarface
45%
AEEILM Amélie
34%
AADEMSU Amadeus
33%
EGIORTV Vertigo
23%
AAAABCCLNS Casablanca
19%
AAGILMNO Magnolia
19%
EEMMNOT Memento
19%
BCEEEEIJLTU Beetlejuice
17%
AACPRSSTU Spartacus
17%
ACHINNOTW Chinatown
15%
ADEISSWY Sideways
15%
AGIINNOPRSTTT Trainspotting
10%
Secret Movie LABYRINTH
7%
No matching quizzes found
Score Distribution
Percent of People with Each Score
Percentile by Number Answered
Your Score History
You have not taken this quiz